000 01580nam a2200409 c 4500
001 11566
003 ES-MaCES
005 20180118122040.0
008 001221s1999 lu d t o000 | eng d
020 _a9282870669
035 _aCES20000018289m
040 _aES-MaCES
_bspa
_cES-MaCES
245 0 0 _aParticipating on equal terms?
_b: the gender dimensions of direct participation in organisational change
_cEuropean Foundation for the Improvement of Living and Working Conditions
260 _aLuxembourg
_bOffice for Official Publications of the European Communities
_c1999
300 _a3 p.
_c30 cm
500 _aPrecede al tít.: EPOC
541 _cGratuito
650 4 _amujeres
_928657
650 4 _atrabajadora
_928413
650 4 _adivisión del trabajo por sexo
_930439
650 4 _adiscriminación por razones de sexo
_929521
650 4 _aigualdad de oportunidades
_927183
650 4 _aigualdad de oportunidades en el empleo
_930649
650 4 _aparticipación de la mujer en el desarrollo
_930663
650 4 _a1996
_930975
650 4 _aencuesta
_928856
650 4 _aevaluación
_928893
650 4 _afolleto
_928992
653 1 0 _aMujer
650 4 _926752
_aUE
710 2 _93819
_aFundación Europea para la Mejora de las Condiciones de Vida y de Trabajo
730 0 _aProyecto sobre la Participación Directa de los Trabajadores en el Cambio Organizativo
_933529
787 0 _tParticipating on equal terms?
_w(ES-MaCES)10075
902 _aDOC Literatura gris
942 _2CES
_cBK
_h3.3.
999 _c11566
_d11566